000
00297nam a22001337a 4500
020
_a
817826331-9
082
_a
823
_b
ROH/R
100
_a
ROHAN BOOK COMPANY
245
_a
RAPUNZEL
260
_a
DELHI
_b
ROHAN BOOK COMPANY
_c
2003
300
_a
222
650
_a
MODERN ILLUSTRATED CLASSICS
942
_c
BK
999
_c
420
_d
420